Other People Who Died in World Wars - Statistics

General Stats
  • This quiz has been taken 31 times
  • The average score is 3 of 15
Answer Stats
Hint Answer % Correct
. Benito Mussolini
100%
. Glenn Miller
38%
. Antoine de Saint-Exupéry
31%
. Franz Marc
19%
. Dietrich Bonhoeffer
15%
. Janusz Korczak
12%
. Eduard Buchner
8%
. Galeazzo Ciano
8%
. Hans Fischer
8%
. Henry Moseley
8%
. Marc Bloch
8%
. Umberto Boccioni
8%
. Clara Petacci
4%
. Edith Stein
4%
. Yakov Dzugashvili
0%
No matching quizzes found
Score Distribution
Percent of People with Each Score
Percentile by Number Answered
Your Score History
You have not taken this quiz